000 nam a22 7a 4500
999 _c18084
_d18084
008 161202b xxu||||| |||| 00| 0 eng d
050 _aQA 135.5 .S53 1964
100 _aSharp,Evelyn.
_d1964
245 _aA parent's guide to the new mathematics.
260 _aNY:
_bEvelyn sharp,
_c1964.
300 _a187.p
650 _aMathematics.
650 _aArithmetic.
942 _2lcc
_cBOOKS
_hQA 135.5 .S53 1964